Normal view
MARC view
Entry Personal Name
001 - CONTROL NUMBER
- control field: 19009
003 - CONTROL NUMBER IDENTIFIER
- control field: MY-SjTCS
005 - DATE AND TIME OF LATEST TRANSACTION
- control field: 20191205122252.0
008 - FIXED-LENGTH DATA ELEMENTS
- fixed length control field: 140610nn a|a||abb| a a|a d
039 #9 -
- : 201406101009
- : shuhada
- : 201009131114
- : wilmina
040 ## - CATALOGING SOURCE
- Original cataloging agency: VRT
- Transcribing agency: VRT
100 1# - HEADING--PERSONAL NAME
- Personal name: Mondy, Judy Bandy
670 ## - SOURCE DATA FOUND
- Source citation: Human resource management /:
- Information found: t.p. (R. Wayne Mondy, SPHR in collaboration with Judy Bandy Mondy ; editor in chief: Stephanie Wall.)
999 ## -
- : VIRTUA4 x
999 ## -
- : VTLSSORT0080*0400*1000*6700*9991